AU LIBRARIES
Centralized Library System Across Seven Campuses

Money and Banking in Pakistan (Record no. 2510)

MARC details
000 -LEADER
fixed length control field 00435nam a2200157Ia 4500
005 - DATE AND TIME OF LATEST TRANSACTION
control field 20251230152546.0
008 - FIXED-LENGTH DATA ELEMENTS--GENERAL INFORMATION
fixed length control field 251127s9999 xx 000 0 und d
020 ## - INTERNATIONAL STANDARD BOOK NUMBER
ISBN 9780195794076 (paperback)
082 ## - DEWEY DECIMAL CLASSIFICATION NUMBER
Classification number 332.1095491
Author Mark MEE-M
100 ## - MAIN ENTRY--AUTHOR
Author Name Meenai, S. A.
245 #0 - TITLE STATEMENT
Title Money and Banking in Pakistan
250 ## - EDITION STATEMENT
Edition statement Rev Exp ed.
260 ## - PUBLICATION, DISTRIBUTION, ETC.
Place of Publication [S.l.] :
Name of publisher, distributor, etc. Oxford University Press, USA,
Date of publication, distribution, etc. 2001
650 ## - SUBJECT ADDED ENTRY--TOPICAL TERM
Subject / Department Management Sciences
942 ## - ADDED ENTRY ELEMENTS (KOHA)
Koha item type Book
Holdings
Withdrawn status Lost status Damaged status Not for loan Permanent Location Current Location Date acquired Inventory number Full Call Number Accession No./Barcode Koha item type Collection code Shelving Location
        Air University H-11 Campus Islamabad Air University H-11 Campus Islamabad 05/10/2012 2604 332.1095 MEE-M P1781 Book    
        Air University H-11 Campus Islamabad Air University H-11 Campus Islamabad 05/10/2012 2605 332.1095491 MEE-M P1733 Book Management Science Management Science
Air University Sector E-9, Islamabad Pakistan
Email: librarian@au.edu.pk  Tel : +0092 51 9262612 Ext: 631